000 00815nam a2200205 a 4500
003 0
005 20250621112827.0
008 021022s19uu xx 00 eng d
050 _aPGS PC 2121
_b.Ad228 1998
100 _aAdecer, Ma. Belinda A.
245 _aPerception of second year high school students of Southville International School on their French subject /
_cMa. Belinda A. Adecer.
260 _aLas PiƱas City, Philippines :
_bSouthville International School and Colleges,
_c1998.
300 _a25 pages :
_bcolored illustrations ;
_c28 cm.
504 _aIncludes bibliographical references.
650 _aFrench language
_vStudy and teaching (Secondary).
650 _aHigh school students
_vAttitudes.
650 _aForeign language study.
650 _aLanguage and education.
942 _2lcc
_cPASS
999 _c96124
_d96124